Dictionnaire latin francais des auteurs chrétiens

Guardado en:
Detalles Bibliográficos
Autor principal: Blaise, Albert (Autor)
Formato: Libro
Lenguaje:español
Publicado: Turnhout Brepols 1954
Materias:
Etiquetas: Agregar Etiqueta
Sin Etiquetas, Sea el primero en etiquetar este registro!

MARC

LEADER 00000nam a2200000 a 4500
001 UCZ1163
003 CL-VaPUC
008 950817e19540000BE |||||||||||||||||spa|d
082 0 4 |a 473  |b BLA  |2 21 
100 0 |a Blaise, Albert  |e author  |9 344609 
245 1 0 |a Dictionnaire latin francais des auteurs chrétiens 
300 |a 913 p 
942 |c BK 
945 |d 19950817 00:00:00  |a mfernand 
260 |a Turnhout  |b Brepols  |c 1954 
650 0 |a Diccionarios  |9 256200 
650 0 |a Latín   |9 269544 
650 7 |a FRANCES  |2 CL-VaPUC  |9 259059 
583 |a last modification  |c 19950817 00:00:00  |k Rodrigo Vera 
999 |c 237963  |d 237961 
952 |0 0  |1 0  |4 0  |6 473_000000000000000_BLA_1954  |7 0  |8 X  |9 247844  |a BIBEDU  |b BIBEDU  |d 2019-11-18  |i 1561073  |o 473 BLA 1954  |p 1561073  |r 2023-01-13  |w 2019-11-18  |y BK_X  |k FIL